Pacha e o Imperador (Registo nº 3640)
[ vista simples ]
| 000 -Etiqueta do registo | |
|---|---|
| Cabeçalho | 01258ngm0a2200277 4500 |
| 005 - Identificador da versão | |
| Campo de controlo | 20240902113426.0 |
| 021 ## - Número do Depósito Legal | |
| Código do país | PT |
| 071 0# - Número do editor (registos sonoros e música) | |
| Número do editor | 1256/02 |
| 100 ## - Dados gerais de processamento | |
| Dados gerais de processamento | 20050630d2002 bc y0pory5003 ba |
| 101 0# - Língua de publicação | |
| Língua do texto, banda sonora, etc. | Português |
| Língua do documento no original | Inglês |
| Língua das legendas | Português |
| 102 ## - Pais de publicação ou produção | |
| País de publicação | Portugal |
| 115 ## - Campo de dados codificados: Projecções Visuais, Filmes e Vídeos | |
| Dados modificados - geral | a063bbz zzzz zzxxc |
| 200 1# - Titulo e menção de responsabilidade | |
| Título próprio | Pacha e o Imperador |
| Indicação geral da natureza do documento | Registo vídeo |
| Título paralelo | The emperor's new groove |
| Primeira menção de responsabilidade | Walt Disney |
| 210 ## - Publicação, Distribuição, etc. | |
| Lugar da edição, distribuição, etc. | PT |
| Nome do editor, distribuidor, etc. | Lusomundo |
| Data da publicação, distribuição, etc. | 2002 |
| 215 ## - Descrição física | |
| Indicação específica da natureza do documento e extensão da espécie | 1 DVD (PAL 2) (75 min.) |
| Outras indicações físicas | col., son. |
| 225 2# - Colecção | |
| Título próprio da colecção | Walt Disney |
| Nome de uma parte ou secção | Clássicos |
| 305 ## - Notas relativas à edição e história bibliográfica da publicação | |
| Texto da nota | Data de lançamento: 2002 |
| 306 ## - Notas relativas a publicação, distribuição, etc. | |
| Texto da nota | Distribuidor cinema: Lusomundo |
| 327 1# - Nota de conteúdo | |
| Texto da nota | Conteúdo: Legendas: português, inglês, espanhol e polaco ; Idiomas em 5.1: português, inglês, espanhol e catalão ; Menu interactivo ; Conteúdos adicionais (em inglês): cena eliminada, videoclip musical, aprende a dançar, ajuda Kuzco a recuperar o seu reino (jogo), por detrás das câmaras (viagem de reconhecimento ao Peru), criação das imagens geradas por computador, as vozes dos personagens, comentários do realizador, trailer de cinema, videoclip musical de Sting. |
| 333 ## - Nota relativa aos potenciais utilizadores | |
| Texto da nota | Classificação: M6 |
| 606 ## - Nome comum usado como assunto | |
| Número de registo de entrada de autoridade | 0002834 |
| Palavra de ordem | Filme |
| Subdivisão de assunto | Animação infantil |
| 610 1# - Termos de indexação não controlados | |
| Subject Term | DVD cinema |
| 702 #1 - Nome de autor-pessoa física (responsabilidade secundária) | |
| Número de registo de entrada de autoridade | 0002835 |
| Palavra de ordem | Walt Disney |
| Código de função | Diretor / Director teatral / Realizador |
| 942 ## - Elementos de entrada adicionados (Koha) | |
| Tipo de item no Koha | Livro |
| Situação do levantamento | Origin of item (home branch) (coded) | Biblioteca de empréstimo | Código de barras | Cota | Circulation type (not for loan) | Tipo de documento | Nota do exemplar | Damaged status |
|---|---|---|---|---|---|---|---|---|
| Biblioteca Escolar da Coca Maravilhas | Biblioteca Escolar da Coca Maravilhas | BECM83d/05 | F PAC | DVD | Sem mensagem |
